000 01309nam a2200361 i 4500
001 000009778
003 DO-SdBNP
005 20240412074213.0
007 ta
008 091001s1988 dr r 000 p spa d
040 _aDO-SdBNP
_bspa
_cBNPHU
_erda
041 1 7 _aspa,
_beng
082 4 _aRD861.44
_bC322d
_222
245 1 0 _aDel desconsuelo al compromiso = From desolation to compromise /
_cAída Cartagena Portalatín ; edición, Daisy Cocco de Filippis ; traducción, Emma Jane Robinett.
246 3 1 _aFrom desolation to compromise
264 _aSanto Domingo :
_bTaller,
_c1988.
300 _a125 páginas ;
_c23 cm.
336 _2rdacontent
_atexto
_btxt
337 _2rdamedia
_asin mediación
_bnc
338 _2rdacarrier
_avolumen
_bn
490 _aMontesinos
_v10
500 _aTexto en español e inglés
500 _aIncluye referencias bibliográficas y notas al pie de las páginas.
504 _aBibliografía : p. 121-123
590 _aInventariado, 2018/BT
600 1 0 _aCartagena Portalatín, Aída,
_d1918-1994
_923557
650 4 _aPoesía dominicana
_966
650 0 _aLiteratura dominicana.
_967
700 1 _aCocco de Filippis, Daisy,
_eeditor
_923566
700 1 _aRobinett, Emma Jane,
_etraducción
_924686
910 _aValidado. Control de calidad. MFF
942 _2ddc
_cLBS1
999 _c9538
_d9538